| 000 | 01269cam a22003617a 4500 | ||
|---|---|---|---|
| 003 | CHAP | ||
| 005 | 20220817044028.0 | ||
| 008 | 050601d1998 mx a r 00110 spa d | ||
| 010 | _a90405 | ||
| 011 | _a91377 | ||
| 020 | _a9682434513 | ||
| 035 | _a101935 | ||
| 040 | _cCHAP | ||
| 082 | 0 | 4 |
_a331.8 _bT6 |
| 100 | 0 | 0 |
_aTorre, Francisco de la. _9114014 |
| 245 | 1 | 0 |
_aRelaciones humanas : _ben el ámbito laboral _c/por Francisco de la Torre |
| 260 |
_aMéxico, D. F. : _bTrillas, _c1998. |
||
| 300 |
_a157 p. : _bilus. |
||
| 590 |
_aBATCH-UPD _b10 _c20130110 _lUCH01 _h0112 |
||
| 590 |
_aBATCH-UPD _b10 _c20130110 _lUCH01 _h0616 |
||
| 590 |
_aBATCH-UPD _b10 _c20130410 _lUCH01 _h0732 |
||
| 590 |
_aBATCH-UPD _b10 _c20130913 _lUCH01 _h1949 |
||
| 590 |
_aCONVERSION _b10 _c20130109 _lUCH01 _h1350 |
||
| 650 | 1 | 4 |
_aAdministración de empresas. _9922 |
| 650 | 1 | 4 |
_aRelaciones industriales. _995817 |
| 650 | 1 | 4 | _aTrabajo y trabajadores. |
| 901 | _aBK | ||
| 905 | _aLilia | ||
| 942 | _cLIBRO | ||
| 949 |
_a331.8 T6 _bBC _cLIBRO _d33724000949871 _eLIBRO _fc.2 _gI.c/e _h105901 _i101935 _sb _t$92.00 |
||
| 949 |
_a331.8 T6 _bBC _cLIBRO _d33724000949962 _eLIBRO _fc.3 _gI.c/e _h105902 _i101935 _sb _t$92.00 |
||
| 949 |
_a331.8 T6 _bBC _cLIBRO _d33724000949970 _eLIBRO _gI.c/e _h105900 _i101935 _si _t$92.00 |
||
| 999 |
_c90405 _d90405 |
||